Statystyki dla 40 Najbardziej Rozwiniętych Krajów Według Wskaźnika HDI

Kliknij tutaj aby rozwiązać quiz!

Ogólne statystyki

  • Ten quiz został rozwiązany 286 razy
  • Średni wynik to 31 z 40

Statystyki odpowiedzi

PozycjaNazwa kraju% Poprawnych
15Stany Zjednoczone
98%
32Polska
97%
4Niemcy
95%
26Francja
94%
12Kanada
94%
24Hiszpania
93%
1Norwegia
93%
18Japonia
92%
7Szwecja
92%
11Finlandia
90%
28Włochy
89%
2Szwajcaria
88%
14Wielka Brytania
88%
39Portugalia
87%
10Dania
85%
19Austria
84%
25Czechy
84%
5Australia
83%
16Belgia
83%
9Holandia
83%
20Luksemburg
83%
22Korea Południowa
81%
3Irlandia
80%
37Słowacja
80%
6Islandia
79%
31Grecja
77%
33Litwa
77%
38Łotwa
75%
29Estonia
74%
17Liechtenstein
73%
13Nowa Zelandia
71%
23Słowenia
67%
34Zjednoczone Emiraty Arabskie
67%
36Arabia Saudyjska
60%
8Singapur
59%
40Katar
58%
35Andora
55%
27Malta
52%
21Izrael
47%
30Cypr
39%

Rozkład punktacji

Percentyl według liczby udzielonych odpowiedzi

Procent ludzi z każdym wynikiem

Twoja historia wyników

Nie rozwiązałeś tego quizu